Culture Générale - Série 1876 - Statistiques

Statistiques générales
  • Ce quiz a été pris 122 fois
  • Le résultat moyen est 5 sur 10
Statistiques - réponses
Question Réponse % Correct
En astronomie, qu'est-ce qu'une "nova" ? étoile
83%
Quel est le prénom de l'écrivain italien Eco ? Umberto
82%
Sur quelle île se trouve la ville de Catane ? Sicile
75%
Qui a écrit "Anna Karénine" en 1877 ? Léon Tolstoï
72%
Dans quel département français se trouve la ville de Dole ? Jura
66%
Quel acteur britannique était "Simon Templar" dans la série télévisée " Le saint" ? voir photo Roger Moore
59%
Quel légume est la mogette ou mojette ? haricot
54%
Comment s'appelle l'antilope africaine anagramme de "lande" ? eland
25%
En Espagne, quelle est la "capitale" de la communauté autonome de Castille-La Manche ? Tolède
15%
Edifice de la Grèce et Rome antique affecté au chant, à la musique et la poésie odéon
4%
Aucun quiz correspondant
Distribution des résultats
% des personnes avec chaque résultat
Percentile par nombre de réponses
Votre historique - résultats
Vous n’avez pas pris ce quiz